3 Biggest Cities in each Region of El Salvador - Statistics

General Stats
  • This quiz has been taken 8 times
  • The average score is 27 of 42
Answer Stats
Region + Rank Population City % Correct
Ahuachapán 1 139,287 Ahuachapán
100%
Chalatenango 1 35,926 Chalatenango
100%
La Unión 1 42,772 La Unión
100%
San Miguel 1 303,560 San Miguel
100%
San Salvador 1 1,982,237 San Salvador
100%
La Libertad 1 251,482 Santa Tecla
100%
San Vicente 1 58,974 San Vicente
100%
Sonsonate 1 122,651 Sonsonate
100%
San Salvador 2 350,109 Soyapango
100%
Usulután 1 93,166 Usulután
100%
San Salvador 3 202,933 Apopa
75%
Sonsonate 3 36,018 Armenia
75%
Ahuachapán 2 51,335 Atiquizaya
75%
Santa Ana 2 105,262 Chalchuapa
75%
Cuscatlán 1 73,113 Cojutepeque
75%
Cabañas 1 64,092 Ilobasco
75%
Sonsonate 2 43,297 Izalco
75%
La Libertad 2 88,011 Lourdes
75%
Santa Ana 3 68,503 Metapán
75%
Santa Ana 1 274,218 Santa Ana
75%
Cabañas 2 45,098 Sensuntepeque
75%
La Paz 1 81,394 Zacatecoluca
75%
Usulután 3 20,170 Berlín
50%
San Miguel 2 37,558 Chinameca
50%
San Miguel 3 23,121 El Tránsito
50%
Chalatenango 2 31,155 Nueva Concepción
50%
La Paz 2 33,090 Olocuilta
50%
La Libertad 3 70,178 Quezaltepeque
50%
Morazán 1 22,954 San Francisco Gotera
50%
La Paz 3 27,355 San Luis Talpa
50%
La Unión 2 24,046 Santa Rosa de Lima
50%
Cuscatlán 3 28,042 Suchitoto
50%
La Unión 3 18,160 Anamorós
25%
San Vicente 3 15,592 Apastepeque
25%
Ahuachapán 3 26,180 Cara Sucia
25%
Morazán 2 12,165 Corinto
25%
Usulután 2 25,898 Jiquilisco
25%
Morazán 3 10,258 Jocoro
25%
Chalatenango 3 23,308 San Bartolo
25%
Cuscatlán 2 30,467 San Rafael Cedros
25%
San Vicente 2 16,303 San Sebastián
25%
Cabañas 3 22,107 Tejutepeque
25%
No matching quizzes found
Score Distribution
Percent of People with Each Score
Percentile by Number Answered
Your Score History
You have not taken this quiz